000 00833naa a22002417u 4500
001 18835
003 HDC
007 cr bn ---aaaaa
008 210228t201005 xx 000 0 eng
040 _aHDC
100 _aPoh, Heem Heem,
_eauthor
_917558
245 0 _aHuman resource for the halal industry /
_cby Poh Heem Heem
260 _a[No place] :
_b[publisher not identified],
_c[no year]
336 _atext
_2rdacontent
337 _acomputer
_2rdamedia
338 _aonline resource
_2rdacarrier
650 _aHalal food industry
_zMalaysia
_9218
650 _aPersonnel management
_917559
856 _zRequest full-text at [email protected]
942 _2lcc
942 _cEIJ
942 _kEMAG 000690
999 _c16151
_d16151